Annuaire Européen Vol.37

Saved in:
Bibliographic Details
Format: Book
Language:Dutch
Published: Dordrecht Nijhoff 1991
Edition:1. éd.
Tags: Add Tag
No Tags, Be the first to tag this record!

MARC

LEADER 00000nam a2200000 4500
001 c024196
005 20260116093212.9
041 0 |a dut 
044 |a NL 
245 1 0 |a Annuaire Européen  |b Vol.37 
250 |a 1. éd. 
264 1 |a Dordrecht  |b Nijhoff  |c 1991 
300 |a Prer. s.